Religion in the market era: The Rise of Market Islam, the Revenge of Confucius, and Other Stories From a Global Age

This book aims to expand the limits of the social-scientific study of religion and define a coherent model of recent global transformations of religion, challenging the paradigm of secularisation and post-secularisation. Using a wide-ranging selection of case studies, including global Islam, post-So...

Full description

Saved in:  
Bibliographic Details
Main Author: Gauthier, François 1973- (Author)
Format: Electronic Image
Language:English
Check availability: HBZ Gateway
Interlibrary Loan:Interlibrary Loan for the Fachinformationsdienste (Specialized Information Services in Germany)
Published: London Routledge 2024
In:Year: 2024
Series/Journal:Routledge studies in religion
Further subjects:B Economics Religious aspects
B Neoliberalism Religious aspects
B Religion Economic aspects
B Religion - Aspect économique
B Consumption (Economics) Religious aspects
B Économie politique - Aspect religieux
B Néo-libéralisme - Aspect religieux - Église catholique
Online Access: Volltext (kostenfrei)
Parallel Edition:Erscheint auch als: 9780367682217

MARC

LEADER 00000cam a22000002c 4500
001 1933255501
003 DE-627
005 20251227190030.0
007 cr uuu---uuuuu
008 250814s2024 xxk|||||o 00| ||eng c
020 |a 9781040230350  |9 978-1-040-23035-0 
024 7 |a 20.500.12854/160470  |2 hdl 
035 |a (DE-627)1933255501 
035 |a (DE-599)KEP118025260 
035 |a (DOAB)160470 
035 |a (DE-627-1)118025260 
040 |a DE-627  |b ger  |c DE-627  |e rda 
041 |a eng 
044 |c XA-GB 
082 0 |a 200.9  |2 23 
084 |a 0  |2 ssgn 
100 1 |8 1\p  |e VerfasserIn  |0 (DE-588)1051684927  |0 (DE-627)786584882  |0 (DE-576)407251774  |4 aut  |a Gauthier, François  |d 1973- 
109 |a Gauthier, François 1973- 
245 1 0 |a Religion in the market era  |b The Rise of Market Islam, the Revenge of Confucius, and Other Stories From a Global Age  |c François Gauthier 
264 1 |a London  |b Routledge  |c 2024 
300 |a 1 Online-Ressource (360 pages)  |b illustrations (black and white) 
336 |a Text  |b txt  |2 rdacontent 
336 |a unbewegtes Bild  |b sti  |2 rdacontent 
337 |a Computermedien  |b c  |2 rdamedia 
338 |a Online-Ressource  |b cr  |2 rdacarrier 
490 0 |a Routledge studies in religion 
500 |a Includes bibliographical references and index 
520 |a This book aims to expand the limits of the social-scientific study of religion and define a coherent model of recent global transformations of religion, challenging the paradigm of secularisation and post-secularisation. Using a wide-ranging selection of case studies, including global Islam, post-Soviet Eastern Europe, and China, the author argues that since the 1980s, religion has been dramatically shaped around the world by neoliberalism and consumerism. Providing a global, macro-level history of how religion has changed in the past four decades, this book contends that the rise of economics as a dominant social sphere is central to understanding the ongoing changes in contemporary world religions. 
520 |a Dieses Buch erweitert die Grenzen der sozialwissenschaftlichen Religionsforschung und definiert ein kohärentes Modell der jüngsten globalen Transformationen von Religion, das das Paradigma der Säkularisierung und Postsäkularisierung in Frage stellt. Anhand einer breiten Auswahl von Fallstudien, darunter der globale Islam, das postsowjetische Osteuropa und China, argumentiert der Autor, dass Religion seit den 1980er Jahren weltweit dramatisch durch Neoliberalismus und Konsumismus geprägt wurde. Das Buch bietet eine globale, makroökonomische Geschichte des Religionswandels in den letzten vier Jahrzehnten und argumentiert, dass der Aufstieg der Ökonomie als dominanter gesellschaftlicher Bereich für das Verständnis der anhaltenden Veränderungen in den zeitgenössischen Weltreligionen von zentraler Bedeutung ist. [Mit KI übersetzt] 
601 |a Religion 
650 0 |a Economics  |x Religious aspects 
650 0 |a Religion  |x Economic aspects 
650 0 |a Neoliberalism  |x Religious aspects 
650 0 |a Consumption (Economics)  |x Religious aspects 
650 4 |a Économie politique - Aspect religieux 
650 4 |a Religion - Aspect économique 
650 4 |a Néo-libéralisme - Aspect religieux - Église catholique 
776 1 |z 9780367682217 
776 0 8 |i Erscheint auch als  |n Druck-Ausgabe  |z 9780367682217 
856 4 0 |u https://directory.doabooks.org/handle/20.500.12854/160470  |m X:DOAB  |x Verlag  |z kostenfrei  |7 0 
883 |8 1\p  |a cgwrk  |d 20250901  |q DE-101  |u https://d-nb.info/provenance/plan#cgwrk 
912 |a ZDB-94-OAB 
951 |a BO 
ELC |a 1 
OAS |a 1 
ORI |a SA-MARC-ixtheo_oa001.raw 
REL |a 1 
STA 0 0 |a Religion,Religions,Religion,Religion in literature 
STB 0 0 |a Religion,Religions,Religion 
STC 0 0 |a Religión,Religión,Religión 
STD 0 0 |a Religione,Religione,Religione 
STE 0 0 |a 宗教,宗教 
STF 0 0 |a 宗教,宗教 
STG 0 0 |a Religião,Religião 
STH 0 0 |a Религия (мотив),Религия 
STI 0 0 |a Θρησκεία (μοτίβο),Θρησκεία 
SUB |a REL 
SYE 0 0 |a Religion,Mystik,Mythologie